MARC

LEADER 00000nam0a2200000 4500
001 174189
005 20231031164621.0
035 |a (RuTPU)RU\TPU\book\188903 
090 |a 174189 
100 |a 20100123d1948 m y0rusy50 ca 
101 0 |a rus 
102 |a RU 
105 |a a z 000zy 
200 1 |a Опыт непрерывной рафинации масел  |f В. Л. Карпенко  |g Всесоюзный научно-исследовательский институт жиров (ВНИИЖ) 
210 |a Ленинград  |c КОИЗ  |d 1948 
215 |a 18 с.  |c ил. 
610 1 |a масла 
610 1 |a рафинация 
610 1 |a рафинирование 
610 1 |a рафинированные жиры 
610 1 |a аппараты 
610 1 |a фильтрация 
675 |a 665  |v 3 
700 1 |a Карпенко  |b В. Л. 
712 0 2 |a Всесоюзный научно-исследовательский институт жиров (ВНИИЖ)  |c (Санкт-Петербург)  |2 stltpush  |3 (RuTPU)RU\TPU\col\14762 
801 1 |a RU  |b 63413507  |c 20100123 
801 2 |a RU  |b 63413507  |c 20100917  |g RCR 
942 |c BK